عرض عادي
عرض مارك
- الفرا، "محمد علي"،
دخول Personal Name
001 - CONTROL NUMBER
- control field: 29928
003 - CONTROL NUMBER IDENTIFIER
- control field: AE-AdECS
005 - DATE AND TIME OF LATEST TRANSACTION
- control field: 20260515091508.0
008 - FIXED-LENGTH DATA ELEMENTS
- fixed length control field: 260515|| aca||aabn | a|a d
040 ## - CATALOGING SOURCE
- Original cataloging agency: AE-AdECS
- Transcribing agency: AE-AdECS
100 ## - HEADING--PERSONAL NAME
- Personal name: الفرا، "محمد علي"،
670 ## - SOURCE DATA FOUND
- Source citation: Work cat.: (AE-AdECS)295115: الفرا، "محمد علي"، مؤلف., إسرائيل كيان مختلق و العدو الحقيقي لليهود /
